Concilio Ecuménico Vaticano II : (Record n. 9793)

Dettagli MARC
000 -LEADER
fixed length control field 01084nam a2200289 i 4500
003 - CONTROL NUMBER IDENTIFIER
control field IT-RoINE
005 - DATE AND TIME OF LATEST TRANSACTION
control field 20220325062541.0
008 - FIXED-LENGTH DATA ELEMENTS--GENERAL INFORMATION
fixed length control field 930317s2004 sp r 1|1 0 spa d
020 ## - INTERNATIONAL STANDARD BOOK NUMBER
International Standard Book Number 847914078X
040 ## - CATALOGING SOURCE
Original cataloging agency SpMaBN
Language of cataloging spa
Transcribing agency SpMaBN IT-RoINE
Description conventions rdc
Modifying agency IT-RoINE
041 1# - LANGUAGE CODE
Language code of text/sound track or separate title spa
-- lat
111 2# - MAIN ENTRY--MEETING NAME
Meeting name or jurisdiction name as entry element Concilio Vaticano
Number of part/section/meeting (2º.
Date of meeting 1962-1965)
9 (RLIN) 3670
245 10 - TITLE STATEMENT
Title Concilio Ecuménico Vaticano II :
Remainder of title constituciones, decretos, declaraciones /
Statement of responsibility, etc presentación de Ángel Suquía Goicoechea.
250 ## - EDITION STATEMENT
Edition statement Ed. bilingüe /
Remainder of edition statement patrocinada por la Conferencia Episcopal Española
260 ## - PUBLICATION, DISTRIBUTION, ETC. (IMPRINT)
Place of publication, distribution, etc Madrid :
Name of publisher, distributor, etc Biblioteca de Autores Cristianos,
Date of publication, distribution, etc 2004.
300 ## - PHYSICAL DESCRIPTION
Extent XL, 1295 p. ;
Dimensions 20 cm.
336 ## - CONTENT TYPE
Source rdacontent
Content type term text
337 ## - MEDIA TYPE
Source rdamedia
Media type term unmediated
338 ## - CARRIER TYPE
Source rdacarrier
Carrier type term volume
490 1# - SERIES STATEMENT
Series statement Biblioteca de Autores Cristianos ;
Volume number/sequential designation 526
500 ## - GENERAL NOTE
General note Incluye índices.
500 ## - GENERAL NOTE
General note Incluye apéndices.
546 ## - LANGUAGE NOTE
Language note Textos en español y latín.
700 1# - ADDED ENTRY--PERSONAL NAME
9 (RLIN) 1941
Personal name Suquía Goicoechea, Ángel,
Titles and other words associated with a name Cardenal,
Dates associated with a name 1916-2006
830 #0 - SERIES ADDED ENTRY--UNIFORM TITLE
9 (RLIN) 843
Uniform title Biblioteca de Autores Cristianos ;
Volume number/sequential designation 526
942 ## - ADDED ENTRY ELEMENTS (KOHA)
Item type Monografías
Dati di copia
Withdrawn status Lost status Damaged status Not for loan Home library Current library Date acquired Total Checkouts Full call number Barcode Date last seen Price effective from Koha item type Public note
        Iglesia Nacional Española en Roma Iglesia Nacional Española en Roma 07/07/2015   COL.A 16.526 15517 07/07/2015 07/07/2015 Monografías  
        Iglesia Nacional Española en Roma Iglesia Nacional Española en Roma 12/02/2016   COL.A 16.526 bis 19593 12/02/2016 12/02/2016 Monografías 2ª copia